[Event "TCh-ISR"]
[Site "Israel ISR"]
[Date "2010.04.23"]
[Round "7"]
[White "Tunik,G"]
[Black "Zifroni,D"]
[Result "1/2-1/2"]
[WhiteElo "2498"]
[BlackElo "2472"]

1.d4 d5 2.c4 c6 3.Nf3 Nf6 4.Nc3 e6 5.e3 Nbd7 6.Bd3 dxc4 7.Bxc4 b5 8.Bd3 Bb7
9.a3 b4 10.axb4 Bxb4 11.O-O c5 12.Na2 a5 13.Nxb4 axb4 14.Rxa8 Qxa8 15.Be2 O-O
16.dxc5 Nxc5 17.Qd4 Nb3 18.Qxb4 Bd5 19.Rd1 Rb8 20.Qa3 Qb7 21.Bd2 Nxd2 22.Rxd2 Ra8
23.Qd3 Ra1+ 24.Rd1 Qxb2 25.Rxa1 Qxa1+ 26.Qd1 Qa2 27.Nd2 h6 28.Qc1 Ne4  1/2-1/2

[Event "9th Asian Continental"]
[Site "Olongapo City PHI"]
[Date "2010.04.23"]
[Round "3"]
[White "Sethuraman,S"]
[Black "Yu Yangyi"]
[Result "0-1"]
[WhiteElo "2493"]
[BlackElo "2574"]

1.d4 Nf6 2.c4 c6 3.Nc3 d5 4.Nf3 e6 5.e3 g6 6.b3 Bg7 7.Bd3 O-O 8.O-O Nbd7
9.a4 Re8 10.Qc2 a6 11.Bb2 c5 12.a5 cxd4 13.exd4 Nb8 14.Ne5 Bd7 15.Na4 Qxa5
16.Nc5 Qb6 17.b4 dxc4 18.Bxc4 Bb5 19.Bxb5 Qxb5 20.Nc4 Rd8 21.Ra5 Qc6 22.b5 Qc7
23.Qb3 Nd5 24.Rc1 Nd7 25.bxa6 bxa6 26.Nxa6 Qf4 27.Nc5 Rxa5 28.Nxa5 Rb8 29.Nxd7 Rxb3
30.Rc8+ Bf8 31.Nxb3 Qe4 32.Nd2 Qe2 33.Bc1 Qe1+ 34.Nf1 Nc3 35.g3 Qxc1 36.Kg2 Kg7
37.Nxf8 Qb2  0-1

[Event "ch-SRB"]
[Site "Kragujevac SRB"]
[Date "2010.04.24"]
[Round "6"]
[White "Saric,S"]
[Black "Tadic,Br"]
[Result "1/2-1/2"]
[WhiteElo "2444"]
[BlackElo "2524"]

1.d4 d5 2.c4 c6 3.Nc3 Nf6 4.e3 e6 5.Nf3 Nbd7 6.Qc2 Bd6 7.Bd2 O-O 8.O-O-O c5
9.e4 cxd4 10.Nxd4 Be5 11.Nf3 Bxc3 12.Bxc3 Nxe4 13.cxd5 Nxc3 14.Qxc3 exd5
15.Rxd5 Qb6 16.Bc4 Qh6+ 17.Qd2 Qc6 18.Qc2 Nb6 19.Rc5 Qh6+ 20.Kb1 Nxc4 21.Rxc4 Be6
22.Rh4 Qg6 23.Qxg6 hxg6 24.Rd4 Rac8 25.Rhd1 Bf5+ 26.Ka1 Rfe8 27.b3 Rc2 28.R4d2 Rxd2
29.Rxd2 f6 30.Nd4 Bd7 31.Kb2 g5 32.Rc2 Re4 33.Kc3 Kf7 34.Kd3 Re7 35.h3 Ke8
36.Rc1 Kd8 37.Rh1 Kc7 38.h4 gxh4 39.Rxh4 Kd6 40.Rh8 Ke5 41.Rd8 g5 42.g3 Rh7
43.Ke3 a6 44.Rb8 Re7 45.Rd8 Rh7 46.Rb8 Re7 47.Rd8  1/2-1/2

[Event "31st ch-BAN w"]
[Site "Narayanganj BAN"]
[Date "2010.04.24"]
[Round "1"]
[White "Shamima,A"]
[Black "Hamid,R"]
[Result "1-0"]
[WhiteElo "2092"]
[BlackElo "2033"]

1.d4 d5 2.c4 c6 3.Nf3 Nf6 4.Nc3 e6 5.e3 Nbd7 6.Bd3 dxc4 7.Bxc4 b5 8.Bd3 a6
9.e4 c5 10.e5 cxd4 11.Nxb5 axb5 12.exf6 gxf6 13.O-O Qb6 14.Re1 Bb7 15.Bf4 Bb4
16.Re4 Bxe4 17.Bxe4 Rc8 18.Qe2 Bd6 19.Bh6 Ke7 20.Rd1 Bc5 21.Bd3 Ra8 22.b4 Bxb4
23.Bxb5 Bc5 24.a4 Rhg8 25.Qe4 d3 26.Bxd7 Kxd7 27.Qxd3+ Bd6 28.a5 Qc5 29.Be3 Qb4
30.h3 Ke7 31.Rb1 Qa3 32.Rb7+ Kd8 33.Qxh7 Rf8 34.Qc2 Ra6 35.Bb6+ Rxb6 36.Rxb6 Qa1+
37.Rb1 Qxa5 38.Qc6 Qc7 39.Qe4 f5 40.Qh4+ Kd7 41.Rd1 Ke8 42.Ng5 Qd8 43.Qh5 Ke7
44.Nh7 Rh8 45.Qh4+ Kd7 46.Nf6+ Kc8 47.Rc1+  1-0

[Event "Venka & Antonia Ivanova Mem"]
[Site "Sofia BUL"]
[Date "2010.04.24"]
[Round "6"]
[White "Spassov,L"]
[Black "Ivanov,Bor BUL"]
[Result "0-1"]
[WhiteElo "2418"]
[BlackElo "2156"]

1.d4 d5 2.c4 c6 3.Nc3 Nf6 4.e3 e6 5.Nf3 Nbd7 6.Qc2 Bd6 7.b3 O-O 8.Be2 Qe7
9.O-O Re8 10.Rd1 b6 11.Bb2 Bb7 12.Rac1 Rad8 13.Bf1 c5 14.cxd5 Nxd5 15.Nxd5 Bxd5
16.e4 Bb7 17.Re1 cxd4 18.Nxd4 Rc8 19.Qd1 Rxc1 20.Bxc1 Bb4 21.Bd2 Bxd2 22.Qxd2 Nc5
23.f3 Rd8 24.Rd1 Qf6 25.b4 Na6 26.f4 e5 27.fxe5 Qxe5 28.Be2 Nc7 29.Nf3 Rxd2
30.Nxe5 Rxd1+ 31.Bxd1 Bxe4 32.Bb3 Bd5 33.Bxd5 Nxd5 34.Nc6 a6 35.a3 f6 36.Nb8 a5
37.bxa5 bxa5 38.a4 Nb4 39.Nd7 Kf7 40.Nc5 Ke7 41.Nb3 Nc6 42.Kf2 Kd6 43.Ke3 Kd5
44.Kd3 f5 45.g3 g5 46.Kc3 f4 47.gxf4 gxf4 48.Kd3 Ne5+ 49.Ke2 Nc4 50.Kf3 Ke5
51.h3 h6 52.h4 h5 53.Ke2 Ke4 54.Nc5+ Kf5 55.Kf3 Ne5+ 56.Ke2 Kg4 57.Nb3 Nc6
58.Kf2 Kxh4 59.Kf3 Kg5 60.Ke4 Kg4 61.Nd2 h4 62.Nf1 h3 63.Kd5 Nb8 64.Ke4 Nd7  0-1

[Event "Venka & Antonia Ivanova Mem"]
[Site "Sofia BUL"]
[Date "2010.04.24"]
[Round "6"]
[White "Mitov,B"]
[Black "Shivacheva,D"]
[Result "1-0"]
[WhiteElo "2105"]
[BlackElo "1644"]

1.c4 c6 2.Nf3 Nf6 3.Nc3 d5 4.d4 e6 5.e3 Be7 6.Bd3 O-O 7.O-O Nbd7 8.Qe2 Re8
9.e4 dxe4 10.Nxe4 Nxe4 11.Bxe4 Bf6 12.Rd1 Qc7 13.Be3 c5 14.Qc2 h6 15.Rac1 cxd4
16.Nxd4 Nc5 17.Bf3 a6 18.b4 e5 19.Nf5 Ne6 20.Nd6 Rd8 21.Ne4 Qe7 22.c5 Nd4
23.Bxd4 Rxd4 24.Rxd4 exd4 25.Nxf6+ Qxf6 26.Qe4 Rb8 27.Rd1 Be6 28.Qxd4 Qxd4
29.Rxd4 Bxa2 30.Rd7 b6 31.c6 Rc8 32.Rb7 Bc4 33.Rxb6 Bb5 34.Bd5 Kf8 35.f3 f6
36.Kf2 Ke7 37.Ke3 Kd6 38.Kd4 Rc7 39.Rb7 Bf1 40.g3 Bb5 41.Rb8 Bf1 42.Re8 Ra7
43.Re6+ Kc7 44.Kc5 Bb5 45.Re7+ Kb8 46.Rxa7  1-0

[Event "31st ch-BAN w"]
[Site "Narayanganj BAN"]
[Date "2010.04.25"]
[Round "2"]
[White "Sultana,S"]
[Black "Begum,M"]
[Result "1-0"]
[WhiteElo "1980"]
[BlackElo "1873"]

1.d4 d5 2.c4 e6 3.Nc3 c6 4.Nf3 Nf6 5.e3 Nbd7 6.Qc2 Be7 7.Bd3 dxc4 8.Bxc4 c5
9.dxc5 Bxc5 10.O-O O-O 11.Rd1 Qe7 12.a3 a5 13.Bd3 b6 14.h3 Ba6 15.Nb5 Rfc8
16.Qe2 e5 17.e4 h6 18.Nh4 Nb8 19.Nf5 Qf8 20.Qf3 Nfd7 21.Qh5 Rc6 22.Qh4 Rg6
23.Nc7 Bxd3 24.Nxa8 Be2 25.Re1 Bf3 26.g3 Nc6 27.Nc7 Nd4 28.Be3 Nf6 29.Bxd4 exd4
30.Qf4 Bh5 31.e5 Ne8 32.Nxe8 Qxe8 33.Nxd4 Qd7 34.Nf5 Rg5 35.g4  1-0

[Event "9th Asian Continental"]
[Site "Olongapo City PHI"]
[Date "2010.04.25"]
[Round "5"]
[White "Zhang Zhong"]
[Black "Goh Weiming"]
[Result "1-0"]
[WhiteElo "2603"]
[BlackElo "2426"]

1.Nf3 Nf6 2.c4 e6 3.Nc3 d5 4.d4 c6 5.e3 Nbd7 6.Bd3 dxc4 7.Bxc4 b5 8.Bd3 Bb7
9.O-O a6 10.a4 b4 11.Nb1 c5 12.Nbd2 Be7 13.Nc4 O-O 14.a5 Qc7 15.Qe2 Be4 16.b3 cxd4
17.exd4 Bxd3 18.Qxd3 Nd5 19.Bd2 Qb7 20.Rfe1 Rfd8 21.h4 Nf8 22.h5 h6 23.Nfe5 Bf6
24.Qg3 Kh8 25.Rac1 Bxe5 26.dxe5 Qe7 27.Nd6 Nd7 28.Rc6 Qf8 29.f4 f6 30.Re4 Rdb8
31.Rec4 Kg8 32.Qg4 Qf7 33.Rd4 fxe5 34.Rxd5 Nf6 35.Qg6 Nxd5 36.fxe5 Rf8 37.Bxh6 Kh8
38.Bg5 Qa7+ 39.Kh2 Nf4 40.Qe4 Nxh5 41.Qh4 g6 42.Bf6+ Kg8 43.Qg4 Nxf6 44.Qxe6+ Kh8
45.exf6 Qh7+ 46.Kg1 Qh4 47.Qe5 Kg8 48.f7+ Kh7 49.Rc4 Qh5 50.Qf6 g5 51.Ne4  1-0

[Event "9th Asian Continental"]
[Site "Olongapo City PHI"]
[Date "2010.04.27"]
[Round "7"]
[White "Sasikiran,K"]
[Black "Nguyen Thanh Son"]
[Result "1-0"]
[WhiteElo "2686"]
[BlackElo "2440"]

1.d4 d5 2.c4 c6 3.Nf3 Nf6 4.Nc3 e6 5.e3 Nbd7 6.Qc2 Bd6 7.Bd3 O-O 8.O-O dxc4
9.Bxc4 e5 10.h3 exd4 11.exd4 Nb6 12.Bd3 h6 13.Re1 Nbd5 14.a3 Be6 15.Bd2 Qc7
16.Ne5 Rfe8 17.Re2 Nxc3 18.Bxc3 Bd5 19.Rae1 Re7 20.b4 a6 21.Qc1 Rae8 22.Re3 Nh5
23.Bb1 f6 24.Qc2 fxe5 25.Qh7+ Kf8 26.Qf5+ Rf7 27.Qxh5 e4 28.Bxe4 Rxe4 29.Rxe4 Bxe4
30.Rxe4 Qd7 31.Qg6 Re7 32.Rxe7 Qxe7 33.d5 cxd5 34.Bxg7+ Qxg7 35.Qxd6+ Kg8
36.Qxd5+ Kh7 37.Qd3+ Kh8 38.f4 Qf6 39.Qe3 Qc6 40.Kh2 Kg8 41.Qe5 Kf7 42.f5 Qc1
43.a4 b5 44.axb5 axb5 45.Qe6+ Kf8 46.Qd6+ Kf7 47.g4 h5 48.Qe6+ Kf8 49.Qf6+ Kg8
50.Qd4 h4 51.Kg2 Qc2+ 52.Kf3 Qb3+ 53.Kf4 Qxh3 54.Kg5 Qg3 55.Qd8+ Kf7 56.Qf6+ Ke8
57.Qe6+ Kf8 58.f6 Qc7 59.Qe7+  1-0

[Event "9th Asian Continental"]
[Site "Olongapo City PHI"]
[Date "2010.04.27"]
[Round "7"]
[White "Sethuraman,S"]
[Black "Le Quang Liem"]
[Result "1/2-1/2"]
[WhiteElo "2493"]
[BlackElo "2689"]

1.d4 Nf6 2.c4 e6 3.Nf3 d5 4.Nc3 c6 5.e3 Nbd7 6.Qc2 Bd6 7.Bd3 dxc4 8.Bxc4 b5
9.Be2 Bb7 10.O-O O-O 11.Rd1 Qc7 12.Bd2 Rfe8 13.Rac1 Rac8 14.b4 e5 15.Bd3 h6
16.h3 exd4 17.exd4 Nb6 18.Qb3 a6 19.Re1 Rcd8 20.a4 Rxe1+ 21.Rxe1 Bc8 22.a5 Nbd5
23.Nxd5 Nxd5 24.Bb1 Bf4 25.Qc2 g6 26.Bxf4 Qxf4 27.Qxc6 Kg7 28.Ne5 Qd2 29.Qc1 Qxc1
30.Rxc1 Be6 31.Nc6 Rd6 32.Be4 Nf4 33.Kh2 Ne2 34.Re1 Nxd4 35.Nxd4 Rxd4 36.Bb7 Rxb4
37.Bxa6 Rb2 38.Ra1 b4 39.Bb7 b3 40.a6 Ra2 41.Rxa2 bxa2 42.a7 a1=Q 43.a8=Q Qd4
44.Kg1 Qd1+  1/2-1/2

[Event "31st ch-BAN w"]
[Site "Narayanganj BAN"]
[Date "2010.04.28"]
[Round "5"]
[White "Shamima,A"]
[Black "Jahanara,H"]
[Result "1-0"]
[WhiteElo "2092"]
[BlackElo "1543"]

1.d4 d5 2.c4 e6 3.Nc3 c6 4.e3 Nf6 5.Nf3 Nbd7 6.Qc2 Bb4 7.a3 Ba5 8.Bd3 dxc4
9.Bxc4 Bxc3+ 10.bxc3 b6 11.e4 Bb7 12.e5 Nd5 13.O-O Qc7 14.Ng5 c5 15.Ne4 O-O
16.Qe2 cxd4 17.cxd4 Nc3 18.Nxc3 Rac8 19.Bd3 Qxc3 20.Be3 Qc6 21.f4 Qd5 22.Rf3 Rfd8
23.Rg3 Rc3 24.Rd1 Nf8 25.h4 Ng6 26.Qg4 Rxd3 27.Rxd3 Qe4 28.Rd1 Qf5 29.Qxf5 exf5
30.h5 Ne7 31.Kf2 Rc8 32.Rc1 Rxc1 33.Bxc1 Nd5 34.h6 g6 35.a4 Ba6 36.Rh3 Kf8
37.Rh1 Ke7 38.Ba3+ Kd7 39.g3 Nc3 40.Rc1 Ne4+ 41.Ke3 Nxg3 42.d5 Nf1+ 43.Kd4 Nd2
44.Rc6 Nb3+ 45.Kc3 Na5 46.Rf6 Ke8 47.e6 fxe6 48.dxe6 Kd8 49.e7+ Kd7 50.Rf8 Bc4
51.e8=Q+  1-0

[Event "9th Asian Continental"]
[Site "Olongapo City PHI"]
[Date "2010.04.28"]
[Round "8"]
[White "Salem,AR"]
[Black "Li Hanbin"]
[Result "1-0"]
[WhiteElo "2483"]
[BlackElo "2330"]

1.d4 d5 2.c4 c6 3.Nc3 Nf6 4.e3 e6 5.Nf3 Nbd7 6.Bd3 dxc4 7.Bxc4 b5 8.Bd3 Bd6
9.O-O O-O 10.Qc2 Bb7 11.a3 Qe7 12.e4 e5 13.Ne2 a6 14.Ng3 g6 15.Bg5 Rfe8 16.Qd2 exd4
17.Rae1 Bxg3 18.fxg3 Qc5 19.Qf4 Re6 20.Bxf6 Rxf6 21.Qc7 Bc8 22.e5 Re6 23.Ng5 Re7
24.e6 Qxg5 25.Qd8+ Nf8 26.exf7+ Kg7 27.Rxe7  1-0

[Event "FIDE GP w"]
[Site "Nalchik RUS"]
[Date "2010.04.29"]
[Round "4"]
[White "Danielian,E"]
[Black "Cramling,P"]
[Result "0-1"]
[WhiteElo "2491"]
[BlackElo "2523"]

1.d4 d5 2.c4 c6 3.Nc3 Nf6 4.e3 e6 5.Nf3 a6 6.c5 Nbd7 7.b4 g6 8.Bb2 Bg7 9.Bd3 O-O
10.O-O e5 11.dxe5 Ng4 12.e6 fxe6 13.h3 Nge5 14.Nxe5 Nxe5 15.Be2 Nf7 16.Qd2 e5
17.Na4 Bf5 18.f4 Qh4 19.Bd3 Bxd3 20.Qxd3 e4 21.Qd2 Bxb2 22.Qxb2 h5 23.f5 Qg5
24.Rf4 gxf5 25.Raf1 Nh6 26.Nc3 Qg7 27.Qd2 a5 28.Ne2 axb4 29.Nd4 Qg6 30.R1f2 Ra4
31.Kh2 Rf7 32.Rh4 Rg7 33.Kh1 Ra3 34.Ne2 Qg5 35.Rhf4 b3 36.axb3 Rxb3 37.Qc1 Rd3
38.Nd4 Rf7 39.Ra2 Qg3 40.Re2 Kh7 41.Ne6 Rf6 42.Nd4 Rf8 43.Qa1 Rxe3 44.Rxe3 Qxe3
45.Ne6 Rg8 46.Qb1 Qd2 47.Qf1 Re8 48.Rf2 Qc3 49.Nf4 Ra8 50.Qe2 Ra1+ 51.Kh2 h4  0-1

[Event "9th Asian Continental"]
[Site "Olongapo City PHI"]
[Date "2010.04.29"]
[Round "9"]
[White "Sasikiran,K"]
[Black "Yu Yangyi"]
[Result "1/2-1/2"]
[WhiteElo "2686"]
[BlackElo "2574"]

1.d4 d5 2.c4 c6 3.Nf3 Nf6 4.Nc3 e6 5.e3 g6 6.b3 Bg7 7.Ba3 Ne4 8.Qc1 Nd7 9.Bd3 f5
10.O-O a6 11.Ne2 g5 12.Nd2 Ndf6 13.Bxe4 dxe4 14.f3 exf3 15.Nxf3 h6 16.Ne5 Qc7
17.Qe1 b6 18.Rd1 c5 19.Ng6 Rg8 20.d5 Ne4 21.h4 exd5 22.cxd5 Be5 23.Nxe5 Qxe5
24.b4 Bd7 25.bxc5 bxc5 26.Nc1 Bb5 27.Nd3 Qc3 28.Rxf5 Qxa3 29.Re5+ Kd7 30.Qe2 Nd6
31.Qc2 c4 32.Nf2 Kc7 33.Qh7+ Kb6 34.Re6 Rae8 35.e4 gxh4 36.e5 Qg3 37.Rxd6+ Ka5
38.Qa7 Ka4 39.Rxa6+ Bxa6 40.Qd7+ Ka5 41.Qc7+ Ka4 42.Qd7+ Kb4 43.Qd6+ Ka5
44.Qc7+ Ka4 45.Qd7+ Ka5  1/2-1/2

[Event "TOP 16 GpA"]
[Site "France FRA"]
[Date "2010.05.02"]
[Round "7"]
[White "Le Roux,JP"]
[Black "Komarov,Di"]
[Result "1/2-1/2"]
[WhiteElo "2512"]
[BlackElo "2523"]

1.d4 d5 2.c4 c6 3.Nc3 Nf6 4.e3 e6 5.Nf3 Nbd7 6.Bd3 dxc4 7.Bxc4 b5 8.Bd3 Bd6
9.a3 Bb7 10.O-O O-O 11.Qc2 a5 12.e4 e5 13.Ne2 c5 14.dxc5 Nxc5 15.Ng3  1/2-1/2

[Event "31st ch-BAN w"]
[Site "Narayanganj BAN"]
[Date "2010.05.02"]
[Round "8"]
[White "Rokshana,T"]
[Black "Shamima,A"]
[Result "0-1"]
[WhiteElo "1495"]
[BlackElo "2092"]

1.d4 d5 2.c4 c6 3.Nc3 Nf6 4.Nf3 e6 5.e3 Nbd7 6.Bd3 dxc4 7.Bxc4 b5 8.Bd3 a6
9.e4 c5 10.e5 cxd4 11.Nxb5 axb5 12.exf6 gxf6 13.O-O Qb6 14.Qe2 b4 15.Be4 Ba6
16.Bd3 Bxd3 17.Qxd3 Bc5 18.Bf4 Rd8 19.Rad1 e5 20.Rfe1 Be7 21.Bh6 Nc5 22.Qf5 Ne6
23.Nd2 Rg8 24.Qxh7 Rg6 25.Ne4 Qc6 26.Ng3 Qd5 27.f4 Bf8 28.Bxf8 Nxf4 29.Rd2 Kxf8
30.Qh8+ Ke7 31.Qh4 Kd7 32.Ne4 Rdg8 33.g3 d3 34.Nxf6+ Rxf6  0-1

[Event "4NCL 2009-10"]
[Site "Sunningdale ENG"]
[Date "2010.05.02"]
[Round "10"]
[White "Ansell,S"]
[Black "Thompson,I"]
[Result "1-0"]
[WhiteElo "2380"]
[BlackElo "2266"]

1.d4 d5 2.c4 e6 3.Nc3 Nf6 4.Nf3 c6 5.e3 Nbd7 6.Qc2 Bd6 7.g4 Bb4 8.Bd2 Qe7
9.h3 Bxc3 10.Bxc3 Ne4 11.Bd3 Nxc3 12.Qxc3 dxc4 13.Bxc4 O-O 14.O-O-O c5 15.e4 cxd4
16.Qxd4 a6 17.Bb3 b5 18.h4 Nc5 19.Bc2 Bb7 20.h5 Rfd8 21.Qe3 Rac8 22.Rxd8+ Qxd8
23.Kb1 Qc7 24.h6 Nd7 25.Rc1 g6 26.Ng5 Qc5 27.Qf4 Qe7 28.Rd1 Qf6 29.Qxf6 Nxf6
30.f3 Bc6 31.Bb3 Kf8 32.e5 Ng8 33.Rh1 Ke7 34.Rh3 a5 35.Nxh7 Nxh6 36.Rxh6 Bxf3
37.Nf6 Rc5 38.Rh3 Be2 39.Re3 Bf1 40.Bc2 Bg2 41.g5 Bc6 42.Kc1 b4 43.Kd2 Bb5
44.Bd3 Bc6 45.Re1 Bf3 46.b3 Bg2 47.Bc4 a4 48.Re3 axb3 49.axb3 Ra5 50.Ke1 Bc6
51.Kf2 Ra2+ 52.Re2 Ra5 53.Kg3 Ra1 54.Rd2 Rc1 55.Rd6 Rc3+ 56.Kg4  1-0

[Event "31st ch-BAN w"]
[Site "Narayanganj BAN"]
[Date "2010.05.03"]
[Round "9"]
[White "Sultana,S"]
[Black "Jahanara,H"]
[Result "1-0"]
[WhiteElo "1980"]
[BlackElo "1543"]

1.d4 d5 2.c4 e6 3.Nc3 Nf6 4.Nf3 c6 5.e3 Nbd7 6.Qc2 Bd6 7.Bd3 dxc4 8.Bxc4 Nb6
9.Bd3 Nbd5 10.a3 Nxc3 11.bxc3 h6 12.e4 Be7 13.e5 Nd5 14.O-O b6 15.Ne1 Bd7
16.c4 Nc7 17.Be4 a6 18.f4 Rb8 19.Qe2 b5 20.c5 Nd5 21.Bd2 Bc8 22.Nc2 Bd7 23.Qg4 O-O
24.f5 exf5 25.Bxf5 Bxf5 26.Rxf5 Kh7 27.Raf1 f6 28.R1f3 fxe5 29.Bxh6 Rg8 30.Rh3 g5
31.Bf8+ Kg6 32.Rh6+  1-0

[Event "ch-CZE"]
[Site "Ostrava CZE"]
[Date "2010.05.03"]
[Round "3"]
[White "Bures,M"]
[Black "Zilka,S"]
[Result "0-1"]
[WhiteElo "2131"]
[BlackElo "2509"]

1.c4 c6 2.d4 d5 3.Nf3 Nf6 4.Nc3 e6 5.e3 Nbd7 6.Qc2 Bd6 7.g4 Nxg4 8.Rg1 Qf6
9.Rxg4 Qxf3 10.Rxg7 Nf6 11.Rg5 Qh1 12.f4 Bd7 13.c5 Bc7 14.Qf2 Ne4 15.Nxe4 Qxe4
16.Bg2 Qd3 17.Bf1 Qe4 18.Bg2 Qd3 19.Bf1 Ba5+ 20.Bd2 Qxd2+ 21.Qxd2 Bxd2+ 22.Kxd2 Ke7
23.Bd3 b6 24.Rag1 bxc5 25.dxc5 a5 26.b3 h6 27.Rg7 Kf6 28.Kc3 Rae8 29.Kd4 Rb8
30.Kc3 Rbe8 31.Kd4 Bc8 32.h4 Bb7 33.Rh7 Rxh7 34.Bxh7 Ba6 35.Rg2 Rb8 36.Bc2 a4
37.Kc3 axb3 38.axb3 Bb5 39.Rg1 Ra8 40.Kb2 Be2 41.Re1 Bf3 42.Rg1 Rd8 43.Kc3 Be4
44.Bd1 Ra8 45.Kb2 e5 46.fxe5+ Kxe5 47.Bh5 f5 48.Rg6 d4 49.exd4+ Kxd4 50.Rxh6 Rf8
51.Be2 f4 52.b4 f3 53.Rd6+ Bd5 54.Bf1 Ra8 55.h5 Ra2+ 56.Kb1 Rh2 57.Ba6 Rxh5
58.Kc2 Rh2+ 59.Kd1 Ra2 60.Bc8 Kc3 61.Ke1 f2+ 62.Kf1 Bc4+ 63.Kg2 f1=Q+  0-1

[Event "31st ch-BAN w"]
[Site "Narayanganj BAN"]
[Date "2010.05.04"]
[Round "10"]
[White "Khan,N"]
[Black "Chowdhury,M"]
[Result "1/2-1/2"]
[WhiteElo "2010"]
[BlackElo "1794"]

1.d4 d5 2.c4 e6 3.Nf3 Nf6 4.Nc3 c6 5.e3 Nbd7 6.Bd3 Be7 7.O-O dxc4 8.Bxc4 O-O
9.e4 b5 10.Bd3 a6 11.Re1 Re8 12.Qc2 h6 13.a3 Bb7 14.e5 Nd5 15.Nxd5 cxd5 16.h3 Qb6
17.Qe2 b4 18.Be3 a5 19.axb4 Bxb4 20.Rec1 Ba6 21.Nh2 Bxd3 22.Qxd3 Rec8 23.Qe2 Bf8
24.Ng4 Rxc1+ 25.Rxc1 Rb8 26.Rc2 Qb5 27.Qf3 Rb7 28.Qg3 Kh7 29.Qf4 Nb6 30.Qg3 Qb3
31.Rc3 Qxb2 32.Bxh6 Qb1+ 33.Rc1 Qg6 34.Bf4 Nc4 35.Qh4+ Kg8 36.Bg5 a4 37.Ne3 Nxe3
38.Rc8 Qb1+ 39.Kh2 Nf1+ 40.Kg1 Ne3+  1/2-1/2

[Event "ch-CZE"]
[Site "Ostrava CZE"]
[Date "2010.05.04"]
[Round "4"]
[White "Nedela,V"]
[Black "Petr,Ma"]
[Result "0-1"]
[WhiteElo "2347"]
[BlackElo "2511"]

1.Nf3 d5 2.c4 e6 3.d4 Nf6 4.Nc3 c6 5.e3 Nbd7 6.Qc2 Bd6 7.Bd2 O-O 8.Be2 dxc4
9.Bxc4 a6 10.Bd3 c5 11.Ne4 Nxe4 12.Bxe4 h6 13.O-O Qe7 14.Rac1 f5 15.Bd3 b5
16.e4 c4 17.e5 Bb4 18.Be2 Bb7 19.Bxb4 Qxb4 20.b3 cxb3 21.Qc7 b2 22.Rcd1 Bxf3
23.Bxf3 Rad8 24.d5 Nc5 25.d6 Na4 26.a3 Qxa3 27.Bh5 Qb3 28.Bf7+ Kh7 29.Qe7 Nc3
30.Rde1 b1=Q 31.Rxb1 Nxb1 32.Qxe6 Qxe6 33.Bxe6 Rde8 34.Bxf5+ Rxf5 35.f4 Nd2
36.Rd1 Rxf4 37.d7 Rd8 38.Rxd2 Re4  0-1

[Event "31st ch-BAN w"]
[Site "Narayanganj BAN"]
[Date "2010.05.05"]
[Round "11"]
[White "Sultana,S"]
[Black "Khan,N"]
[Result "0-1"]
[WhiteElo "1980"]
[BlackElo "2010"]

1.d4 d5 2.c4 c6 3.Nc3 Nf6 4.e3 e6 5.Nf3 Nbd7 6.Qc2 Bd6 7.b3 O-O 8.Bb2 Re8
9.Be2 dxc4 10.bxc4 e5 11.dxe5 Nxe5 12.Rd1 Qe7 13.Nxe5 Bxe5 14.h3 a5 15.O-O a4
16.f4 Bc7 17.Bc1 Bb6 18.Rf3 a3 19.Kh1 g6 20.Bd3 Nh5 21.g4 Nf6 22.g5 Nh5 23.f5 Qxg5
24.Rg1 Qf6 25.Ne4 Qe5 26.fxg6 fxg6 27.Rg5 Qg7 28.Rxh5 Rxe4 29.Bxe4 gxh5 30.Bxh7+ Kh8
31.Bd2 Ba5 32.Be4 Be6 33.Bxa5 Rxa5 34.Qe2 Qa1+ 35.Kh2 Qe5+ 36.Rg3 Qb2 37.Bc2 Rf5
38.Qd2 Bg8 39.Rxg8+ Kxg8 40.Qd8+ Rf8 41.Qg5+ Qg7 42.Qxg7+ Kxg7 43.Kg3 c5
44.Kh4 Kh6 45.Kg3 b6 46.Be4 Rf1 47.Bc2 Ra1 48.Bb3 Rb1 49.Ba4 Rb2  0-1

[Event "40th Bosna Open"]
[Site "Sarajevo BIH"]
[Date "2010.05.05"]
[Round "1"]
[White "Tratar,M"]
[Black "Banduka,Z"]
[Result "1-0"]
[WhiteElo "2507"]
[BlackElo "2159"]

1.d4 d5 2.c4 c6 3.Nf3 Nf6 4.Nc3 e6 5.e3 Nbd7 6.Qc2 Bd6 7.Bd3 b6 8.O-O Bb7
9.e4 dxe4 10.Nxe4 Nxe4 11.Bxe4 Nf6 12.Bg5 h6 13.Bxf6 gxf6 14.c5 Be7 15.Rfe1 Rg8
16.cxb6 Qxb6 17.Re3 Rc8 18.Rb3 Qc7 19.Rc1 Kf8 20.Rc3 Qf4 21.Bxc6 Rxc6 22.Rxc6 Rxg2+
23.Kxg2 Qg4+ 24.Kf1 Qxf3 25.Qh7 Ke8 26.Qg8+ Kd7 27.Rc7+ Kd6 28.Qg3+ e5 29.Qxf3 Bxf3
30.dxe5+  1-0

[Event "ch-CZE"]
[Site "Ostrava CZE"]
[Date "2010.05.06"]
[Round "6"]
[White "Skliba,M"]
[Black "Folkova,M"]
[Result "1/2-1/2"]
[WhiteElo "2309"]
[BlackElo "2128"]

1.d4 d5 2.c4 e6 3.Nf3 c6 4.e3 Nf6 5.Nc3 Nbd7 6.Qc2 Bd6 7.Be2 O-O 8.O-O dxc4
9.Bxc4 a6 10.Rd1 Qc7 11.e4 e5 12.g3 h6 13.Bf1 exd4 14.Nxd4 Be5 15.Nf5 Nc5
16.Be3 Bxf5 17.Bxc5 Bg4 18.Ne2 Rfd8 19.f4 Bxe2 20.Bxe2 Bd6 21.Rxd6 Rxd6 22.Bxd6 Qxd6
23.Rd1 Qb4 24.Bf3 Qb6+ 25.Qf2 Qa5 26.a3 Rd8 27.Rxd8+ Qxd8 28.e5 Nd5 29.Qd4 Qa5
30.Bxd5 Qe1+ 31.Kg2 cxd5 32.Qxd5  1/2-1/2

[Event "ch-UKR"]
[Site "Alushta UKR"]
[Date "2010.05.08"]
[Round "6"]
[White "Roschupkin,V"]
[Black "Savvopulo,A"]
[Result "0-1"]
[WhiteElo "1961"]
[BlackElo "2100"]

1.d4 Nf6 2.c4 e6 3.Nf3 d5 4.Nc3 c6 5.e3 Nbd7 6.Qc2 Bd6 7.g4 h6 8.g5 hxg5
9.Nxg5 e5 10.cxd5 Nxd5 11.Nge4 N7f6 12.dxe5 Bxe5 13.f4 Bxc3+ 14.Nxc3 Qe7
15.Nxd5 Nxd5 16.e4 Bf5 17.Bg2 Nf6 18.Kf2 Bxe4 19.Qe2 Bxg2 20.Qxe7+ Kxe7 21.Kxg2 Ne4
22.f5 Kf6 23.Rf1 Rh5 24.b3 Rah8 25.Bb2+ Ke7 26.Bxg7 Rxh2+ 27.Kf3 Nd2+ 28.Kf4 R8h4+
29.Kg3 Nxf1+ 30.Rxf1 f6 31.Rd1 Rh7  0-1

[Event "ch-UKR"]
[Site "Alushta UKR"]
[Date "2010.05.10"]
[Round "8"]
[White "Iljin,T"]
[Black "Melnichuk,M"]
[Result "1/2-1/2"]
[WhiteElo "2422"]
[BlackElo "2303"]

1.d4 d5 2.c4 c6 3.Nc3 Nf6 4.Nf3 e6 5.e3 Nbd7 6.Qc2 Bd6 7.Bd3 O-O 8.O-O dxc4
9.Bxc4 a6 10.Rd1 b5 11.Be2 Qc7 12.Ne4 Nxe4 13.Qxe4 Bb7 14.Bd3 Nf6 15.Qh4 c5
16.e4 cxd4 17.Bg5 e5 18.Bxf6 gxf6 19.Qxf6 Rae8 20.Rac1 Qe7 21.Qh6 Qe6 22.Qxe6 Rxe6
23.Nh4 Rc8 24.Nf5 Bb8 25.Rxc8+ Bxc8 26.Rc1 Bd7 27.Kf1 Kf8 28.Ke2 Rc6 29.Rxc6 Bxc6
30.Bc2 f6 31.Kd3 Bd7 32.Nh4 Bd6 33.Bb3 Bb4 34.Bd5 a5 35.a3 Bc5 36.f4 exf4
37.Nf3 Ke7 38.Nxd4 Bxd4 39.Kxd4 Kd6 40.b4 axb4 41.axb4 h6  1/2-1/2

[Event "ch-Commonwealth"]
[Site "Delhi IND"]
[Date "2010.05.11"]
[Round "3"]
[White "Lafuente,P"]
[Black "Tan Weiliang"]
[Result "1-0"]
[WhiteElo "2587"]
[BlackElo "2186"]

1.d4 d5 2.c4 c6 3.Nf3 Nf6 4.Nc3 e6 5.e3 Nbd7 6.Qc2 b6 7.Be2 Bb7 8.O-O Bd6
9.Rd1 Qe7 10.e4 Nxe4 11.Nxe4 dxe4 12.Qxe4 f5 13.Qc2 O-O 14.c5 bxc5 15.dxc5 Nxc5
16.Bg5 Rf6 17.Bxf6 gxf6 18.Nd2 Kh8 19.Bf3 Rg8 20.b4 Ne4 21.Nxe4 fxe4 22.Bxe4 Bxb4
23.Rab1 a5 24.Rb3 c5 25.a3 a4 26.Rbb1 Bxe4 27.Qxe4 Ba5 28.Rb7 Bc7 29.Qc6  1-0

[Event "46th Capablanca Memorial Open A"]
[Site "Havana CUB"]
[Date "2010.05.12"]
[Round "2.37"]
[White "Camacho,G"]
[Black "Sanchez Comesana,Angelica Maria"]
[Result "1-0"]
[WhiteElo "2336"]
[BlackElo "2019"]

1.d4 d5 2.c4 c6 3.e3 Nf6 4.Nc3 e6 5.Nf3 Nbd7 6.Qc2 Bd6 7.e4 dxe4 8.Nxe4 Nxe4
9.Qxe4 Nf6 10.Qc2 O-O 11.Bd3 h6 12.Bd2 b6 13.Bc3 Re8 14.O-O-O Qe7 15.g4 Bf4+
16.Kb1 Bb7 17.Qe2 Rad8 18.h4 c5 19.g5 Nh7 20.Rhg1 Nf8 21.gxh6 Bxh6 22.Be4 cxd4
23.Bxd4 Bxe4+ 24.Qxe4 e5 25.Qxe5 Qxe5 26.Bxe5 Rxd1+ 27.Rxd1 Ng6 28.Bg3 Re4
29.Rd4 Re7 30.h5 Nf8 31.Rd8 g6 32.hxg6 fxg6 33.Ne5 Kh7 34.Nd3 Ne6 35.Bd6 Rf7
36.Re8 Ng7 37.Re7 Rf3 38.Kc2 g5 39.Rxa7  1-0

[Event "TCh-UKR Clubs"]
[Site "Alushta UKR"]
[Date "2010.05.13"]
[Round "1"]
[White "Kononenko,Dmitry1"]
[Black "Nesteretz,A"]
[Result "1/2-1/2"]
[WhiteElo "2576"]
[BlackElo "2408"]

1.d4 d5 2.c4 c6 3.Nc3 Nf6 4.Nf3 e6 5.e3 Nbd7 6.Qc2 Bb4 7.a3 Ba5 8.Bd3 Qe7
9.b4 Bc7 10.cxd5 exd5 11.O-O O-O 12.Re1 h6 13.Bd2 Nb6 14.b5 Bg4 15.bxc6 Bxf3
16.gxf3 Qe6 17.Nb5 Rfc8 18.Bf5 Qe8 19.Bxc8 Qxc8 20.Nxc7 Qxc7 21.Ba5 bxc6
22.Rec1 Rc8 23.Rab1 Nfd7 24.Bxb6 Nxb6 25.Rb3 Qd7 26.Kg2 Nc4 27.Rcb1 Qe6 28.Qd3 Nd6
29.Kf1 g6 30.Rb8 Kg7 31.Rxc8 Qxc8 32.Ke2 Qh3 33.Qb3 g5 34.Qb8 g4 35.Qxd6 Qxf3+
36.Kd2 Qxf2+ 37.Kc3 Qxe3+ 38.Kb4 Qd2+ 39.Ka4 Qc2+ 40.Rb3 Qc4+ 41.Rb4 Qa6+
42.Kb3 Qd3+ 43.Ka2 Qc2+ 44.Ka1 Qc1+ 45.Rb1 Qc3+ 46.Rb2 Qc1+ 47.Ka2 Qc4+ 48.Kb1 Qf1+
49.Kc2 Qe2+ 50.Kb1 Qf1+ 51.Ka2 Qc4+ 52.Kb1  1/2-1/2

[Event "ch-Commonwealth"]
[Site "Delhi IND"]
[Date "2010.05.14"]
[Round "7"]
[White "Suvrajit,S"]
[Black "Phadke,So1"]
[Result "1-0"]
[WhiteElo "2380"]
[BlackElo "2208"]

1.d4 d5 2.Nf3 Nf6 3.c4 c6 4.e3 e6 5.Nc3 Nbd7 6.Qc2 Bd6 7.cxd5 exd5 8.Bd3 O-O
9.O-O Re8 10.b3 Qe7 11.Bb2 Ne4 12.Ne2 Nf8 13.Ne5 f6 14.Bxe4 fxe5 15.dxe5 Bxe5
16.Bxe5 Qxe5 17.Bd3 Re6 18.Qc3 Qxc3 19.Nxc3 a5 20.e4 d4 21.Ne2 Rd6 22.Rac1 Be6
23.f4 g6 24.f5 gxf5 25.exf5 Bf7 26.Rf4 a4 27.Rg4+ Kh8 28.Ng3 axb3 29.axb3 Bxb3
30.Ne4 Rh6 31.Nc5 Bd5 32.Rxd4 b6 33.Na6 Ra7 34.Nb4 Rd6 35.Be4 Ra4 36.Bxd5 c5
37.Rg4 Rxd5 38.Nxd5 Rxg4 39.Nxb6 Rb4 40.Nd5 Rb5 41.Nc3 Ra5 42.Ne4 Nd7 43.Rd1 Ne5
44.f6 Kg8 45.Rd5 Ng4 46.Rg5+  1-0